=LDR 00000nam 2200000 4500 =001 INLIS000000000001843 =005 20130612090228 =008 ***********************************Ind** =035 ##$$0010-061300000001843 =041 ##$$a Ind =082 ##$$a 611.1 =090 ##$$a 611.1, Eff f =100 ##$$a Effendi, Hasyim =245 ##$$a Fisiologi kardiovaskuler dan pathofisiologinya, Hasjim Effendi, Jasmeiny Jazir =260 ##$$a 1080 $b Bandung =300 ##$$a viii, 141 hlm, ilus, 21 cm =650 ##$$a Kardiovaskuler =700 ##$$a Jazir, Jasmeiny =850 ##$$a NBPNMAT =990 ##$$a 0001/BPAP-NTB/2016